[Event "RUS-ch U18"]
[Site "Rybinsk"]
[Date "2001.??.??"]
[Round "8"]
[White "Cheremnukh, Sergey"]
[Black "Denisov, Denis A"]
[Result "1/2-1/2"]
[WhiteElo "2128"]
[BlackElo "2187"]
[PlyCount "88"]
[EventDate "2001.02.??"]
[EventType "swiss"]
[EventRounds "10"]
[EventCountry "RUS"]
[SourceTitle "EXT 2002"]
[Source "ChessBase"]
[SourceDate "2001.11.25"]
[SourceVersion "1"]
[SourceVersionDate "2001.11.25"]
[SourceQuality "1"]

1. e4 c5 2. Nf3 e6 3. d4 cxd4 4. Nxd4 a6 5. Bd3 Qc7 6. c4 Nf6 7. Nc3 Nc6 8. Nc2 Ne5 9. Qe2 Qd6 10. Kd2 Nxc4+ 11. Ke1 Ne5 12. Bc4 b5 13. Bb3 b4 14. Nd5 exd5 15. f4 dxe4 16. fxe5 Qxe5 17. Qc4 Qe6 18. Qc7 d5 19. Bf4 Be7 20. Ba4+ Bd7 21. Nd4 Qg4 22. Nc6 Qxg2 23. Rf1 e3 24. Bxe3 Qe4 25. Kd2 0-0 26. Bc2 Qe6 27. Nxe7+ Qxe7 28. Rxf6 Qxf6 29. Qxd7 Qxb2 30. Rc1 Rad8 31. Qg4 d4 32. Bg5 f6 33. Bh6 Rf7 34. Kd1 Kh8 35. Bb3 Re7 36. Rc2 Qa1+ 37. Rc1 Qb2 38. Rc2 Qa1+ 39. Rc1 Qb2 40. Rc2 Qb1+ 41. Bc1 g6 42. Qf4 Kg7 43. Qh6+ Kh8 44. Qf4 Kg7 1/2-1/2

[Event "RUS-ch U18"]
[Site "Rybinsk"]
[Date "2001.??.??"]
[Round "1"]
[White "Denisov, Denis A"]
[Black "Kerzhner, Stanislav"]
[Result "1/2-1/2"]
[WhiteElo "2187"]
[BlackElo "2212"]
[PlyCount "86"]
[EventDate "2001.02.??"]
[EventType "swiss"]
[EventRounds "10"]
[EventCountry "RUS"]
[SourceTitle "EXT 2002"]
[Source "ChessBase"]
[SourceDate "2001.11.25"]
[SourceVersion "1"]
[SourceVersionDate "2001.11.25"]
[SourceQuality "1"]

1. e4 e6 2. d4 d5 3. Nc3 dxe4 4. Nxe4 Nf6 5. Bg5 Be7 6. Bxf6 gxf6 7. Nf3 a6 8. Bd3 b5 9. Qe2 Bb7 10. Ng3 Nd7 11. 0-0-0 Nb6 12. Kb1 Nd5 13. Nh5 Nb4 14. Nf4 Nxd3 15. Qxd3 Qd6 16. Qe3 0-0-0 17. Rd3 Qb6 18. a3 Kb8 19. Rhd1 a5 20. R3d2 Rhg8 21. Rd3 Bf8 22. Nh5 Rg6 23. Nh4 Rg4 24. g3 Be7 25. h3 Rg5 26. Nf4 a4 27. c3 f5 28. Nf3 Be4 29. Nxg5 Bxg5 30. h4 Bxf4 31. Qxf4 Qc6 32. f3 Bd5 33. R1d2 Qc4 34. b3 Qxb3+ 35. Rb2 Qxa3 36. Rxb5+ Kc8 37. Rb2 Rd6 38. Qd2 Bc4 39. Re3 Bb3 40. c4 Rb6 41. Rc3 Rb4 42. c5 c6 43. h5 Kd7 1/2-1/2

[Event "RUS-ch U18"]
[Site "Rybinsk"]
[Date "2001.??.??"]
[Round "3"]
[White "Denisov, Denis A"]
[Black "Sunjaikin, Boris"]
[Result "1/2-1/2"]
[WhiteElo "2187"]
[BlackElo "2268"]
[PlyCount "85"]
[EventDate "2001.02.??"]
[EventType "swiss"]
[EventRounds "10"]
[EventCountry "RUS"]
[SourceTitle "EXT 2002"]
[Source "ChessBase"]
[SourceDate "2001.11.25"]
[SourceVersion "1"]
[SourceVersionDate "2001.11.25"]
[SourceQuality "1"]

1. e4 c5 2. Nf3 e6 3. d4 cxd4 4. Nxd4 a6 5. Bd3 Bc5 6. Nb3 Be7 7. Nc3 d6 8. 0-0 Nf6 9. Kh1 Nc6 10. f4 Qc7 11. Qf3 0-0 12. Bd2 g6 13. Rae1 Nd7 14. Qh3 Bf6 15. f5 Re8 16. fxe6 fxe6 17. e5 Ncxe5 18. Ne4 Bh8 19. Bb4 Nc5 20. Nbxc5 dxc5 21. Bxc5 Nf7 22. Rxf7 Qxf7 23. Rf1 Qg7 24. Qh4 b6 25. Nf6+ Qxf6 26. Rxf6 Bxf6 27. Qe4 Bb7 28. Qxb7 bxc5 29. b3 a5 30. a4 e5 31. g3 Bg7 32. Kg2 Kh8 33. Qd5 Rad8 34. Qc6 Rc8 35. Qd7 Red8 36. Qe6 Re8 37. Qd7 Rcd8 38. Qc6 Rc8 39. Qd7 Red8 40. Qe6 Re8 41. Qd7 Rcd8 42. Qc6 Rd4 43. h4 1/2-1/2